000 00974nam a22002771 4500
001 26681
003 BD-RjUL
005 20211209051043.0
008 140323s1975 enkabc b 00100 eng d
035 _a(BD-RjUL)26751
040 _aDLC
_cDLC
_dm.c.
_dBOS
_beng
041 _aeng
082 0 4 _a901.9
_bHEW V-2 1975
090 _aCB245
_b.F682
100 1 _aherzstein, Robert Edwin
_981991
245 0 0 _aWestern civilization /
_cRobert Edwin herzstein,
_nVolume 2 :
_pFrom the Seventeenth Century to the present
260 _aLondon :,
_bHoughton Mifflin Co.
_c1975
300 _a764p.:
_bill. ;
_c26 cm.
490 0 _aA Harper-American heritage textbook.
504 _aIncludes bibliographies. and Index
505 0 _a[1] Paleolithic man to the emergence of European powers.--[2] The struggle for empire to Europe in the modern world.
650 0 _aCivilization, Western
_xHistory.
_981992
700 1 _abruun Geoffrey
_976478
942 _2ddc
_cBK
999 _c26681
_d26681